[Event "C.to Italiano U16"]
[Site "Merano - Meran ITA"]
[Date "2008.07.11"]
[Round "8"]
[White "Forato, Enrico"]
[Black "Dappiano, Andrea"]
[Result "1/2-1/2"]
[WhiteElo "2059"]
[BlackElo "1889"]
[PlyCount "112"]
[EventDate "2008.07.06"]

1. g3 d6 2. Bg2 e5 3. c4 Nc6 4. Nc3 f5 5. e3 Nf6 6. Nge2 g6 7. O-O Bg7 8. d3
O-O 9. Rb1 a5 10. a3 Be6 11. b4 axb4 12. axb4 Qd7 13. f4 Rae8 14. b5 Nd8 15.
Qa4 h6 16. Bd2 g5 17. Nd5 Bxd5 18. Bxd5+ Nxd5 19. cxd5 e4 20. d4 Qf7 21. b6
cxb6 22. Nc3 gxf4 23. Rxf4 Qg6 24. Rxb6 h5 25. Qd1 Nf7 26. Nb5 Rd8 27. Nc7 Ng5
28. Ne6 Nxe6 29. dxe6 Qxe6 30. Rxb7 Qg6 31. Rh4 Rf7 32. Rxf7 Kxf7 33. Qxh5 Qxh5
34. Rxh5 Kg6 35. Rh4 Bh6 36. g4 Bg5 37. gxf5+ Kxf5 38. Rh7 Rc8 39. Rf7+ Kg4 40.
Kg2 Rc2 41. Rf2 Bh4 42. h3+ Kg5 43. Re2 d5 44. Kf1 Bg3 45. Bb4 Rxe2 46. Be7+
Kh5 47. Kxe2 Bh4 48. Bd6 Bg5 49. Bg3 Bh6 50. Kd2 Bg5 51. Bf2 Bh4 52. Bg1 Bg3
53. Kc3 Kh4 54. Kb4 Kxh3 55. Kc5 Kg2 56. Kxd5 Kxg1 1/2-1/2

[Event "C.to Italiano U16"]
[Site "Merano - Meran ITA"]
[Date "2008.07.11"]
[Round "8"]
[White "Pomaro, Alberto"]
[Black "Di Misa, Salvatore"]
[Result "1-0"]
[WhiteElo "2246"]
[BlackElo "1900"]
[PlyCount "77"]
[EventDate "2008.07.06"]

1. e4 c5 2. Nf3 Nc6 3. d4 cxd4 4. Nxd4 Nf6 5. Nc3 e5 6. Ndb5 d6 7. Bg5 a6 8.
Na3 b5 9. Bxf6 gxf6 10. Nd5 Bg7 11. c3 Ne7 12. Nxe7 Qxe7 13. Bd3 O-O 14. O-O
Ra7 15. Nc2 f5 16. Nb4 fxe4 17. Bxe4 Qh4 18. f3 f5 19. Bd5+ Kh8 20. a4 Bh6 21.
Qe1 Qh5 22. Nd3 Rg7 23. axb5 axb5 24. f4 Qh3 25. Qe2 e4 26. Ne1 Rg4 27. g3 Bd7
28. Ng2 Be8 29. Ne3 Rg7 30. Ra8 Re7 31. Qg2 Qxg2+ 32. Kxg2 Bd7 33. Rfa1 Rxa8
34. Rxa8+ Re8 35. Rxe8+ Bxe8 36. Nxf5 Bf8 37. Kf2 Bd7 38. Nd4 b4 39. cxb4 1-0

[Event "C.to Italiano U16"]
[Site "Merano - Meran ITA"]
[Date "2008.07.11"]
[Round "8"]
[White "Rombaldoni, Axel"]
[Black "Valsecchi, Alessio"]
[Result "0-1"]
[WhiteElo "2374"]
[BlackElo "2298"]
[PlyCount "56"]
[EventDate "2008.07.06"]

1. e4 e6 2. Qe2 c5 3. Nf3 Nc6 4. g3 g6 5. Bg2 Bg7 6. c3 d6 7. h4 h6 8. d3 Nge7
9. O-O e5 10. a3 O-O 11. b4 b6 12. Nbd2 Rb8 13. Bb2 f5 14. h5 f4 15. hxg6 Nxg6
16. d4 exd4 17. cxd4 Kh7 18. Nb3 Bg4 19. Rad1 Bxf3 20. Bxf3 Qg5 21. Kh2 Nh4 22.
gxh4 Qxh4+ 23. Kg2 Qg5+ 24. Kh3 Bf6 25. Bg4 h5 26. Bf5+ Kh6 27. Bc1 Qh4+ 28.
Kg2 Rg8+ 0-1

[Event "C.to Italiano U16"]
[Site "Merano - Meran ITA"]
[Date "2008.07.11"]
[Round "8"]
[White "Stella, Andrea"]
[Black "Stips, Felix"]
[Result "1/2-1/2"]
[WhiteElo "2209"]
[BlackElo "2061"]
[PlyCount "39"]
[EventDate "2008.07.06"]

1. d4 Nf6 2. c4 e6 3. Nf3 b6 4. a3 Bb7 5. Nc3 d5 6. cxd5 Nxd5 7. e3 g6 8. Bb5+
c6 9. Bd3 Bg7 10. O-O O-O 11. e4 Nxc3 12. bxc3 c5 13. dxc5 Bxc3 14. Rb1 Nd7 15.
Be3 Bg7 16. Qe2 Qe7 17. cxb6 axb6 18. Bxb6 Nxb6 19. Rxb6 Rxa3 20. Rfb1 1/2-1/2

[Event "C.to Italiano U16"]
[Site "Merano - Meran ITA"]
[Date "2008.07.11"]
[Round "8"]
[White "Zanetti, Marco"]
[Black "Rossetti, Alberto"]
[Result "0-1"]
[WhiteElo "1461"]
[BlackElo "1689"]
[PlyCount "50"]
[EventDate "2008.07.06"]

1. d4 Nf6 2. Nf3 e6 3. Bf4 b6 4. e3 Bb7 5. Bd3 d5 6. Nbd2 c5 7. c3 Bd6 8. Bg3
O-O 9. Ne5 Nc6 10. Ndf3 Qc7 11. Nxc6 Bxc6 12. Bxd6 Qxd6 13. Ne5 Rac8 14. Qf3
Nd7 15. Qh3 f5 16. Nxc6 Qxc6 17. g4 cxd4 18. exd4 g6 19. Rg1 f4 20. Qh6 e5 21.
Kf1 e4 22. Be2 f3 23. Ba6 Qa4 24. Be2 fxe2+ 25. Kxe2 Qb5+ 0-1

[Event "C.to Italiano U16"]
[Site "Merano - Meran ITA"]
[Date "2008.07.12"]
[Round "9"]
[White "Coladangelo, Andrea"]
[Black "Puleo, Diego"]
[Result "1-0"]
[WhiteElo "1866"]
[BlackElo "1914"]
[PlyCount "127"]
[EventDate "2008.07.06"]

1. e4 c5 2. Nf3 d6 3. d4 cxd4 4. Nxd4 Nf6 5. Nc3 a6 6. Bg5 e6 7. f4 Be7 8. Qf3
Qc7 9. O-O-O O-O 10. g4 b5 11. Bxf6 Bxf6 12. g5 Bxd4 13. Rxd4 Nc6 14. Rd1 b4
15. Ne2 Bb7 16. Rg1 Rac8 17. Rd2 b3 18. a3 bxc2 19. Rxc2 Qb6 20. Rg3 Nd4 21.
Nxd4 Qxd4 22. Bd3 Rxc2+ 23. Kxc2 Bc6 24. Kb1 Rb8 25. Qe2 Qa4 26. Bc2 Qd4 27.
Bd3 a5 28. Rf3 g6 29. Rf1 Rb3 30. Rd1 Rxd3 31. Rxd3 Bxe4 32. Kc2 Qc4+ 33. Kd2
Bxd3 34. Qxd3 Qxf4+ 35. Kc3 Qxh2 36. b4 Qe5+ 37. Kb3 axb4 38. axb4 Kf8 39. Qa6
Qd5+ 40. Kc3 Qd1 41. Qc8+ Kg7 42. Qd8 Qa1+ 43. Kb3 d5 44. b5 Qb1+ 45. Ka4 Qa2+
46. Kb4 Qc4+ 47. Ka5 Qa2+ 48. Kb4 Qb1+ 49. Ka5 Qa1+ 50. Kb4 Qa7 51. b6 Qa1 52.
Qf6+ Qxf6 53. gxf6+ Kxf6 54. b7 h5 55. b8=Q g5 56. Kc3 Kf5 57. Qb1+ Kf6 58.
Qf1+ Kg6 59. Kd4 f6 60. Qe2 h4 61. Qxe6 Kh5 62. Qf5 h3 63. Qxh3+ Kg6 64. Kxd5
1-0

[Event "C.to Italiano U16"]
[Site "Merano - Meran ITA"]
[Date "2008.07.12"]
[Round "9"]
[White "Dappiano, Andrea"]
[Black "Rombaldoni, Brian"]
[Result "1-0"]
[WhiteElo "1889"]
[BlackElo "1797"]
[PlyCount "67"]
[EventDate "2008.07.06"]

1. c4 c6 2. Nc3 d5 3. d4 Bf5 4. f3 e6 5. e4 dxe4 6. fxe4 Bg6 7. Nf3 Bb4 8. Bd3
Nf6 9. Qc2 Bh5 10. a3 Bxf3 11. gxf3 Ba5 12. Be3 Nbd7 13. Rg1 g6 14. e5 Nh5 15.
Bg5 Qb8 16. O-O-O Bb6 17. c5 Bd8 18. Ne4 Bxg5+ 19. Rxg5 Rf8 20. Nd6+ Ke7 21.
Qf2 b6 22. Qh4 f6 23. exf6+ Rxf6 24. Bc4 Nf8 25. Rdg1 Ng7 26. Kb1 Nf5 27. Nxf5+
exf5 28. R5g2 Qd8 29. Re2+ Kd7 30. Rge1 g5 31. Qxg5 Ng6 32. Re8 Qc7 33. Rxa8
Rf8 34. Rxf8 1-0

[Event "C.to Italiano U16"]
[Site "Merano - Meran ITA"]
[Date "2008.07.12"]
[Round "9"]
[White "Fiducioso, Marco"]
[Black "Rombaldoni, Axel"]
[Result "1/2-1/2"]
[WhiteElo "2103"]
[BlackElo "2374"]
[PlyCount "38"]
[EventDate "2008.07.06"]

1. d4 f5 2. c4 Nf6 3. e3 e6 4. Bd3 b6 5. f4 Bb7 6. Nf3 Be7 7. O-O O-O 8. Nbd2
c5 9. b3 Nc6 10. Bb2 Qc7 11. Ne5 d6 12. Nef3 Nd8 13. Qc2 d5 14. Ne5 Nc6 15.
Nxc6 Qxc6 16. Nf3 Ne4 17. Rad1 Rac8 18. Qe2 Qe8 19. Ne5 a6 1/2-1/2

[Event "C.to Italiano U16"]
[Site "Merano - Meran ITA"]
[Date "2008.07.12"]
[Round "9"]
[White "Fiorentini, Paolo"]
[Black "Mameli, Gianluca"]
[Result "1-0"]
[WhiteElo "1946"]
[BlackElo "1767"]
[PlyCount "79"]
[EventDate "2008.07.06"]

1. d4 c5 2. d5 Nf6 3. c4 g6 4. Nc3 Bg7 5. e4 d6 6. Bd3 O-O 7. f4 Nbd7 8. Nf3 a6
9. O-O Qc7 10. Re1 b5 11. e5 Ne8 12. e6 fxe6 13. dxe6 Ndf6 14. Ng5 Bb7 15. cxb5
c4 16. bxa6 Rxa6 17. Be2 Qc5+ 18. Kh1 d5 19. Bf3 Rd6 20. Nf7 Rxf7 21. exf7+
Kxf7 22. Qe2 e6 23. Be3 Qb4 24. Bd4 Bc8 25. Rad1 Nc7 26. Qf2 Rd8 27. Bc5 Qb8
28. Bd4 Nce8 29. Be5 Qb4 30. g4 Qe7 31. f5 Ne4 32. fxg6+ Kg8 33. gxh7+ Kxh7 34.
Bxe4+ dxe4 35. Bxg7 Nxg7 36. Rxd8 Qxd8 37. Nxe4 Bb7 38. Kg1 Qd3 39. Ng5+ Kg6
40. Nxe6 1-0

[Event "C.to Italiano U16"]
[Site "Merano - Meran ITA"]
[Date "2008.07.12"]
[Round "9"]
[White "Forato, Enrico"]
[Black "Gaspardo, Francesco"]
[Result "1-0"]
[WhiteElo "2059"]
[BlackElo "1656"]
[PlyCount "49"]
[EventDate "2008.07.06"]

1. g3 g6 2. Bg2 Bg7 3. Nf3 d6 4. O-O Nc6 5. d4 e5 6. dxe5 dxe5 7. Qxd8+ Nxd8 8.
Nc3 c6 9. Ne4 f6 10. Nd6+ Ke7 11. Rd1 Nf7 12. Nxf7 Kxf7 13. Nd2 Nh6 14. Ne4 Rf8
15. Nd6+ Kg8 16. Nxc8 Raxc8 17. Be3 b6 18. Rd7 Rf7 19. Rad1 Rxd7 20. Rxd7 Nf5
21. Rxa7 Nxe3 22. fxe3 Bf8 23. Kf2 Rd8 24. Bxc6 Rd2 25. Ba4 1-0

[Event "C.to Italiano U16"]
[Site "Merano - Meran ITA"]
[Date "2008.07.12"]
[Round "9"]
[White "Morello, Guido"]
[Black "Muccini, Marco"]
[Result "1/2-1/2"]
[WhiteElo "1978"]
[BlackElo "1866"]
[PlyCount "65"]
[EventDate "2008.07.06"]

1. e4 e5 2. d4 exd4 3. c3 d3 4. Bxd3 Nc6 5. Nf3 Bc5 6. O-O d6 7. Bc4 Nf6 8. e5
dxe5 9. Qxd8+ Nxd8 10. Nxe5 Be6 11. Nd2 O-O 12. Bb3 Bxb3 13. Nxb3 Ne6 14. Nxc5
Nxc5 15. Be3 Ne6 16. Rad1 a6 17. Nd7 Nxd7 18. Rxd7 Rfd8 19. Rfd1 Rxd7 20. Rxd7
Rd8 21. Rxd8+ Nxd8 22. Kf1 Kf8 23. Ke2 Ne6 24. b3 Ke7 25. Kd3 Kd6 26. a3 f5 27.
f3 Ke5 28. f4+ Kd5 29. c4+ Kd6 30. b4 c5 31. Bd2 b6 32. Bc3 Kc6 33. Bb2 1/2-1/2

[Event "C.to Italiano U16"]
[Site "Merano - Meran ITA"]
[Date "2008.07.12"]
[Round "9"]
[White "Stips, Felix"]
[Black "Pomaro, Alberto"]
[Result "1-0"]
[WhiteElo "2061"]
[BlackElo "2246"]
[PlyCount "47"]
[EventDate "2008.07.06"]

1. e4 e6 2. d4 d5 3. Nd2 Be7 4. Ngf3 Nf6 5. e5 Nfd7 6. c3 c5 7. Bd3 Nc6 8. O-O
g5 9. dxc5 Ndxe5 10. Nxe5 Nxe5 11. Nb3 Nxd3 12. Qxd3 e5 13. Qe2 Qc7 14. Re1 f6
15. Qh5+ Kf8 16. h4 Bf5 17. hxg5 Bg6 18. Qh6+ Kf7 19. gxf6 Bxf6 20. f4 Rhe8 21.
fxe5 Bxe5 22. Rf1+ Kg8 23. Bf4 Bg7 24. Qxg6 1-0

[Event "C.to Italiano U16"]
[Site "Merano - Meran ITA"]
[Date "2008.07.12"]
[Round "9"]
[White "Valsecchi, Alessio"]
[Black "Stella, Andrea"]
[Result "1/2-1/2"]
[WhiteElo "2298"]
[BlackElo "2209"]
[PlyCount "25"]
[EventDate "2008.07.06"]

1. Nf3 Nf6 2. d4 e6 3. g3 b6 4. Bg2 Bb7 5. O-O Be7 6. c4 O-O 7. Nc3 Ne4 8. Qd3
Nxc3 9. bxc3 f5 10. d5 Na6 11. Nd4 Nc5 12. Qc2 Bf6 13. Rd1 1/2-1/2

[Event "C.to Italiano U16 femminile"]
[Site "Merano - Meran ITA"]
[Date "2008.07.06"]
[Round "1"]
[White "Cavalli, Benedetta"]
[Black "Palmitessa, Chiara"]
[Result "0-1"]
[WhiteElo "1437"]
[BlackElo "1743"]
[PlyCount "120"]
[EventDate "2008.07.06"]

1. e4 e5 2. Nf3 Nc6 3. Bc4 Bc5 4. d3 h6 5. Nc3 Nf6 6. h3 d6 7. O-O Be6 8. Bxe6
fxe6 9. a3 O-O 10. Be3 Bxe3 11. fxe3 d5 12. b4 a6 13. Re1 Qe7 14. Qe2 Rad8 15.
exd5 exd5 16. Red1 Rd6 17. d4 e4 18. Nh4 Nh7 19. Rf1 Rxf1+ 20. Rxf1 Qxh4 21.
Rf4 Qd8 22. b5 Ne7 23. bxa6 Rxa6 24. a4 Rf6 25. Rxf6 Nxf6 26. a5 c6 27. a6 Qb6
28. axb7 Qxb7 29. Na4 Qb5 30. Qxb5 cxb5 31. Nc5 Nf5 32. Kf2 Ne8 33. g4 Nfd6 34.
Ke2 h5 35. Kf2 hxg4 36. hxg4 Nf6 37. Kg3 Nc4 38. Kf4 Kf7 39. Na6 g5+ 40. Kxg5
Nxe3 41. Kf4 Nxc2 42. Nc7 Nxd4 43. g5 Ne6+ 44. Nxe6 Kxe6 45. gxf6 Kxf6 46. Ke3
b4 47. Kd2 d4 48. Kc2 e3 49. Kd3 b3 50. Kxd4 e2 51. Kc3 e1=Q+ 52. Kxb3 Qc1 53.
Kb4 Qc2 54. Kb5 Qc3 55. Kb6 Qc4 56. Kb7 Qc5 57. Kb8 Qe7 58. Kc8 Ke6 59. Kb8 Kd6
60. Kc8 Qc7# 0-1

[Event "C.to Italiano U16 femminile"]
[Site "Merano - Meran ITA"]
[Date "2008.07.07"]
[Round "2"]
[White "Palmitessa, Chiara"]
[Black "Battaglia, Domenica"]
[Result "1-0"]
[WhiteElo "1743"]
[BlackElo "1380"]
[PlyCount "85"]
[EventDate "2008.07.06"]

1. e4 e5 2. Nf3 Nc6 3. Bc4 Bc5 4. Nc3 Nf6 5. d3 h6 6. Be3 Bxe3 7. fxe3 Ng4 8.
Qe2 Nb4 9. Bb3 d6 10. O-O c6 11. a3 Na6 12. Bxf7+ Ke7 13. Nh4 Nf6 14. Bh5 Kd7
15. Nf5 Rg8 16. Bf7 Rf8 17. Ba2 Kc7 18. Nxg7 Qe7 19. Nf5 Bxf5 20. exf5 d5 21.
e4 Rad8 22. b4 b5 23. exd5 cxd5 24. Nxb5+ Kb6 25. Nd4 Nc7 26. Rae1 Rfe8 27. Nf3
e4 28. dxe4 dxe4 29. Qe3+ Kb7 30. Nd4 h5 31. Ne6 Nxe6 32. fxe6 Rd6 33. Rf5 a6
34. Ref1 Rf8 35. Qf4 Rc6 36. Rxf6 Rxf6 37. Qxf6 Qxf6 38. Rxf6 Rxc2 39. e7 Rxa2
40. e8=Q Ra1+ 41. Kf2 Ra2+ 42. Ke3 Rxa3+ 43. Kxe4 1-0

[Event "C.to Italiano U16 femminile"]
[Site "Merano - Meran ITA"]
[Date "2008.07.07"]
[Round "2"]
[White "Polin, Giulia"]
[Black "Messina, Roberta"]
[Result "1/2-1/2"]
[WhiteElo "1551"]
[BlackElo "1904"]
[PlyCount "46"]
[EventDate "2008.07.06"]

1. e4 a6 2. Nf3 c5 3. d4 cxd4 4. Qxd4 Nc6 5. Qe3 d6 6. c4 Nf6 7. Nc3 Qc7 8. h3
e6 9. Be2 Be7 10. O-O b6 11. b3 Rb8 12. Ba3 O-O 13. Rfd1 Rd8 14. Rac1 Bb7 15.
Rd3 Ba8 16. Qf4 Ne5 17. Rdd1 Qb7 18. Nd2 h6 19. f3 Nh5 20. Qh2 Bg5 21. g3 Be3+
22. Kf1 Qe7 23. f4 Nxf4 1/2-1/2

[Event "C.to Italiano U16 femminile"]
[Site "Merano - Meran ITA"]
[Date "2008.07.08"]
[Round "3"]
[White "Casolino, Rosamaria"]
[Black "Palmitessa, Chiara"]
[Result "0-1"]
[WhiteElo "1844"]
[BlackElo "1743"]
[PlyCount "109"]
[EventDate "2008.07.06"]

1. e4 e5 2. Nf3 Nc6 3. Bb5 a6 4. Ba4 Nf6 5. d3 b5 6. Bb3 Bc5 7. Bg5 d6 8. c3
Bb7 9. O-O O-O 10. d4 Bb6 11. Bd5 h6 12. Bh4 Qe7 13. Re1 Nd8 14. Na3 c6 15. Bb3
c5 16. Qd2 c4 17. Bc2 Nc6 18. Rad1 Nb8 19. h3 Nbd7 20. Nh2 Qe6 21. Kh1 Ne8 22.
d5 Qg6 23. Be7 Nc5 24. Bxf8 Kxf8 25. f4 f6 26. fxe5 fxe5 27. Rf1+ Kg8 28. Qe2
Nf6 29. Rde1 Nh5 30. Rf3 Ng3+ 31. Rxg3 Qxg3 32. Nf1 Qf4 33. Nd2 Rf8 34. Rf1 Qg5
35. Rxf8+ Kxf8 36. Qf3+ Ke7 37. Nab1 Bc8 38. Kh2 Qf4+ 39. Qxf4 exf4 40. Nf3 g5
41. Nd4 Kf6 42. Nd2 h5 43. g3 fxg3+ 44. Kxg3 Nd7 45. Nf5 Bc5 46. b4 cxb3 47.
Nxb3 Ba3 48. Nbd4 Ne5 49. Ne3 Bc1 50. Ng2 h4+ 51. Kh2 Bd2 52. Bd1 Bxc3 53. Nb3
Nc4 54. Nc1 Nd2 55. Ne2 0-1

[Event "C.to Italiano U16 femminile"]
[Site "Merano - Meran ITA"]
[Date "2008.07.08"]
[Round "4"]
[White "Palmitessa, Chiara"]
[Black "Polin, Giulia"]
[Result "1-0"]
[WhiteElo "1743"]
[BlackElo "1551"]
[PlyCount "67"]
[EventDate "2008.07.06"]

1. e4 c5 2. Nf3 d6 3. c3 Nf6 4. h3 Nbd7 5. Bd3 e6 6. Bc2 Be7 7. d4 cxd4 8. cxd4
O-O 9. Nc3 b6 10. O-O Bb7 11. Qd3 e5 12. d5 Nc5 13. Qe3 Ba6 14. Rd1 Nh5 15. b4
Nd7 16. Ba4 Rc8 17. Bc6 Nb8 18. b5 Nxc6 19. dxc6 Nf4 20. bxa6 Rxc6 21. Nxe5
Rxc3 22. Qxf4 dxe5 23. Rxd8 exf4 24. Rd7 Ba3 25. Bxf4 Ra8 26. Rad1 Rac8 27. Rb7
Rc2 28. Rdd7 Bc5 29. Bg3 Rxa2 30. Rxf7 Bf8 31. Be5 Rxa6 32. Bxg7 Bd6 33. Bf6
Bf8 34. Rxh7 1-0

[Event "C.to Italiano U16 femminile"]
[Site "Merano - Meran ITA"]
[Date "2008.07.09"]
[Round "5"]
[White "Messina, Roberta"]
[Black "Palmitessa, Chiara"]
[Result "0-1"]
[WhiteElo "1904"]
[BlackElo "1743"]
[PlyCount "120"]
[EventDate "2008.07.06"]

1. e4 e5 2. d4 exd4 3. c3 d5 4. exd5 Qxd5 5. Nf3 Bg4 6. Be2 Nf6 7. cxd4 Nc6 8.
Nc3 Qd7 9. Ne5 Nxe5 10. dxe5 Qxd1+ 11. Nxd1 Bxe2 12. Kxe2 Nd5 13. Bd2 Bb4 14.
Bxb4 Nxb4 15. Nc3 O-O-O 16. a3 Nd3 17. b4 Nxe5 18. Rhc1 Nc6 19. Kf1 Nd4 20.
Rab1 Rhe8 21. a4 Rd7 22. b5 Re6 23. Rb2 Kd8 24. f3 f5 25. Rb4 Red6 26. Rb2 Ne6
27. Ne2 Rd1+ 28. Rxd1 Rxd1+ 29. Kf2 Nc5 30. Ra2 Nd3+ 31. Kg3 Nc1 32. Nxc1 Rxc1
33. Rd2+ Ke7 34. Rd4 c5 35. bxc6 Rxc6 36. Rb4 b6 37. Rd4 a6 38. Rb4 Kd6 39.
Rd4+ Kc5 40. Rd7 Kb4 41. Rd4+ Kc3 42. Rd7 Rg6+ 43. Kf2 b5 44. axb5 axb5 45. Rb7
b4 46. Rc7+ Kb2 47. Rb7 b3 48. g3 Kc2 49. Rc7+ Kb1 50. Rb7 b2 51. Kg2 Rc6 52.
Rxg7 Kc2 53. Rb7 b1=Q 54. Rxb1 Kxb1 55. Kh3 Kc2 56. Kh4 Rg6 57. g4 fxg4 58.
fxg4 Kd3 59. Kh5 Ke4 60. h4 Kf4 0-1

[Event "C.to Italiano U16 femminile"]
[Site "Merano - Meran ITA"]
[Date "2008.07.10"]
[Round "6"]
[White "Palmitessa, Chiara"]
[Black "Pascalis, Valentina"]
[Result "1-0"]
[WhiteElo "1743"]
[BlackElo "1464"]
[PlyCount "61"]
[EventDate "2008.07.06"]

1. e4 d5 2. exd5 Nf6 3. Nf3 Nxd5 4. Bc4 Nb6 5. Bb3 Nc6 6. c3 Bf5 7. d4 e6 8.
Bf4 Bd6 9. Bxd6 cxd6 10. Nbd2 O-O 11. O-O Re8 12. Bc2 Bg4 13. h3 Bh5 14. Ne4 e5
15. dxe5 Bxf3 16. Qxf3 Nxe5 17. Qf5 Ng6 18. Ng5 Qc7 19. h4 Re5 20. Qg4 Qe7 21.
Nf3 h5 22. Qg3 Re6 23. Rfe1 Ne5 24. Nd4 Nc6 25. Nxe6 fxe6 26. Qg6 Qxh4 27.
Qxe6+ Kf8 28. Qxd6+ Kg8 29. Qe6+ Kf8 30. Bb3 Rd8 31. Qg8# 1-0

[Event "C.to Italiano U16 femminile"]
[Site "Merano - Meran ITA"]
[Date "2008.07.10"]
[Round "7"]
[White "Alfier, Cecilia"]
[Black "Palmitessa, Chiara"]
[Result "0-1"]
[WhiteElo "1359"]
[BlackElo "1743"]
[PlyCount "74"]
[EventDate "2008.07.06"]

1. e4 e5 2. Nf3 Nc6 3. Bb5 a6 4. Ba4 Nf6 5. d3 Bc5 6. c3 b5 7. Bb3 d6 8. Bg5
O-O 9. O-O Bg4 10. Bd5 Bd7 11. d4 Bb6 12. dxe5 h6 13. Bxf6 gxf6 14. exd6 cxd6
15. Nh4 Rc8 16. Qh5 Kg7 17. Bxf7 Rxf7 18. Qg6+ Kf8 19. Qxh6+ Kg8 20. Nd2 Ne5
21. Qf4 Rg7 22. Nf5 Bxf5 23. Qxf5 Kf7 24. Kh1 Rg5 25. Qh7+ Rg7 26. Qh5+ Ke7 27.
Nf3 Qh8 28. Qxh8 Rxh8 29. Nxe5 dxe5 30. g3 Rd8 31. f4 exf4 32. Rxf4 Rd2 33. Rb1
Rh7 34. h4 Rg7 35. g4 Bc7 36. Rbf1 Bxf4 37. Rxf4 Rxb2 0-1

[Event "C.to Italiano U16 femminile"]
[Site "Merano - Meran ITA"]
[Date "2008.07.11"]
[Round "8"]
[White "Palmitessa, Chiara"]
[Black "Delago, Elisabeth"]
[Result "1/2-1/2"]
[WhiteElo "1743"]
[BlackElo "1464"]
[PlyCount "20"]
[EventDate "2008.07.06"]

1. e4 c6 2. d4 d5 3. exd5 cxd5 4. Bd3 Nc6 5. c3 e6 6. Nf3 Bd6 7. O-O Bd7 8. Qe2
Qe7 9. Bg5 Nf6 10. Nbd2 h6 1/2-1/2

[Event "C.to Italiano U16 femminile"]
[Site "Merano - Meran ITA"]
[Date "2008.07.12"]
[Round "9"]
[White "Bertolutti, Francesca"]
[Black "Palmitessa, Chiara"]
[Result "0-1"]
[WhiteElo "1323"]
[BlackElo "1743"]
[PlyCount "112"]
[EventDate "2008.07.06"]

1. e4 e5 2. Nf3 Nc6 3. d4 exd4 4. Nxd4 Bc5 5. Nb3 Bb6 6. Nc3 Nf6 7. f3 a6 8.
Qe2 d6 9. Be3 Bxe3 10. Qxe3 Be6 11. O-O-O Qe7 12. Be2 O-O-O 13. Rd2 Bxb3 14.
axb3 d5 15. Qf4 dxe4 16. Rxd8+ Rxd8 17. Nxe4 Nxe4 18. fxe4 Kb8 19. Rd1 Rxd1+
20. Bxd1 Nd4 21. c3 Ne6 22. Qg4 Qg5+ 23. Qxg5 Nxg5 24. Bc2 Kc8 25. Kd2 Kd7 26.
Ke3 Kd6 27. Kd4 Ne6+ 28. Ke3 Ke5 29. Bd3 Nc5 30. Bc2 a5 31. Kf3 Ne6 32. Ke3 Nf4
33. Kf3 h6 34. g3 Nh5 35. Ke3 Nf6 36. Kf3 Nd7 37. Ke3 Nc5 38. Kf3 Ne6 39. Ke3
Ng5 40. Bd1 Nxe4 41. Bf3 Nd6 42. Kd3 f5 43. Ke3 g5 44. Kd3 Ne4 45. c4 Nc5+ 46.
Kc3 g4 47. Bh1 f4 48. b4 axb4+ 49. Kxb4 Na6+ 50. Ka5 f3 51. h3 h5 52. hxg4 hxg4
53. b4 Ke4 54. b5 Nc5 55. Kb4 Nd3+ 56. Ka5 Kd4 0-1

[Event "C.to Italiano Semifinale"]
[Site "Saint Vincent - Chatillon ITA"]
[Date "2008.07.19"]
[Round "1"]
[White "Astengo, Marcello"]
[Black "Valsecchi, Alessio"]
[Result "1-0"]
[WhiteElo "2075"]
[BlackElo "2298"]
[PlyCount "75"]
[EventDate "2008.07.19"]

1. d4 Nf6 2. c4 g6 3. Nc3 Bg7 4. e4 d6 5. f3 O-O 6. Be3 e5 7. d5 a6 8. c5 Ne8
9. Bd3 f5 10. exf5 gxf5 11. Nge2 Qh4+ 12. Bf2 Qg5 13. O-O Nd7 14. c6 bxc6 15.
dxc6 Ndf6 16. Qc2 f4 17. Kh1 Qh5 18. Rae1 d5 19. Qb3 Qf7 20. Nc1 e4 21. fxe4 f3
22. gxf3 Bh3 23. Bc5 Bxf1 24. Rxf1 dxe4 25. Bc4 Nd6 26. Bxf7+ Rxf7 27. fxe4 Re8
28. Nd3 Ndxe4 29. Nxe4 Rxe4 30. Re1 Rxe1+ 31. Nxe1 Ne4 32. Qb8+ Bf8 33. Bxf8
Rf1+ 34. Kg2 Rf2+ 35. Kg1 Rxf8 36. Qxc7 h6 37. Qd7 Ng5 38. c7 1-0

[Event "C.to Italiano Semifinale"]
[Site "Saint Vincent - Chatillon ITA"]
[Date "2008.07.19"]
[Round "1"]
[White "Barletta, Mauro"]
[Black "Landi, Andrea"]
[Result "1-0"]
[WhiteElo "2205"]
[BlackElo "1837"]
[PlyCount "31"]
[EventDate "2008.07.19"]

1. e4 e5 2. Nf3 Nf6 3. Bc4 Bc5 4. Nxe5 O-O 5. d4 Bb6 6. Nxf7 Rxf7 7. Bxf7+ Kxf7
8. e5 Nd5 9. Qf3+ Ke6 10. c4 Ba5+ 11. Kf1 Ne7 12. d5+ Nxd5 13. Qxd5+ Kf5 14.
e6+ Kg6 15. Qe4+ Kf6 16. Qf3+ 1-0

[Event "C.to Italiano Semifinale"]
[Site "Saint Vincent - Chatillon ITA"]
[Date "2008.07.19"]
[Round "1"]
[White "Bonafede, Alessandro"]
[Black "Pepino, Enrico"]
[Result "1-0"]
[WhiteElo "2329"]
[BlackElo "2119"]
[PlyCount "101"]
[EventDate "2008.07.19"]

1. e4 c5 2. Nf3 d6 3. d4 cxd4 4. Nxd4 Nf6 5. Nc3 g6 6. Be3 Bg7 7. f3 O-O 8. Qd2
Nc6 9. Bc4 Bd7 10. O-O-O b5 11. Bxb5 Ne5 12. Bh6 Bxb5 13. Bxg7 Kxg7 14. Ndxb5
Rb8 15. f4 Nc6 16. Nd4 Qb6 17. Nb3 Rfc8 18. Rhe1 Nb4 19. Kb1 a5 20. e5 dxe5 21.
fxe5 Ne8 22. Qd4 Qxd4 23. Rxd4 a4 24. a3 Nxc2 25. Kxc2 axb3+ 26. Kd3 Nc7 27.
Rb4 Rd8+ 28. Kc4 Rbc8 29. Kxb3 Ne6 30. Kc2 Nd4+ 31. Kb1 Nc6 32. Rc4 f5 33.
exf6+ Kxf6 34. Rc1 Na7 35. Rxc8 Nxc8 36. a4 e5 37. Ne4+ Ke6 38. a5 Ne7 39. a6
Kf5 40. Ng3+ Ke6 41. Rc7 Kd6 42. Rb7 Nf5 43. Nxf5+ gxf5 44. a7 Ra8 45. Rxh7 e4
46. Kc2 f4 47. h4 Ke5 48. Kd2 Kf5 49. b4 e3+ 50. Ke2 Rd8 51. Kf3 1-0

[Event "C.to Italiano Semifinale"]
[Site "Saint Vincent - Chatillon ITA"]
[Date "2008.07.19"]
[Round "1"]
[White "Bruno, Fabio"]
[Black "Valenti, Giuseppe"]
[Result "1/2-1/2"]
[WhiteElo "2453"]
[BlackElo "2203"]
[PlyCount "117"]
[EventDate "2008.07.19"]

1. Nf3 c5 2. c4 e6 3. g3 b6 4. Bg2 Bb7 5. O-O Nf6 6. Nc3 d6 7. d4 cxd4 8. Qxd4
a6 9. Rd1 Qc7 10. b3 Nbd7 11. Bb2 Be7 12. Rac1 Rd8 13. Bh3 h6 14. Qe3 Qc5 15.
Rd4 Qh5 16. Bg2 Ng4 17. Qf4 Nge5 18. Rcd1 Nxf3+ 19. Bxf3 Bxf3 20. Qxf3 Qxf3 21.
exf3 Nf6 22. R4d2 Kd7 23. Ne4 Ne8 24. a4 Kc6 25. Ba3 f5 26. Nc3 Bf6 27. Ne2 a5
28. Rc2 g6 29. Nc1 Rh7 30. Ne2 Nc7 31. Bc1 g5 32. Be3 Na6 33. Bd4 Be7 34. Nc3
Rd7 35. Re2 e5 36. Be3 Nb4 37. Nd5 Nxd5 38. Rxd5 f4 39. Bc1 Rg7 40. Ba3 Rf7 41.
Kg2 h5 42. Re4 Bd8 43. Rd3 Rf6 44. Bb2 Bc7 45. Re1 Rdf7 46. h3 Bb8 47. Bc3 Rg7
48. Re4 Bc7 49. Bd2 Bb8 50. Kh2 Rgf7 51. h4 gxh4 52. g4 Rg7 53. Kh3 Rfg6 54.
gxh5 Rg1 55. Re1 R1g5 56. Bc1 Rxh5 57. Ba3 Rh6 58. Red1 Rhg6 59. R3d2 1/2-1/2

[Event "C.to Italiano Semifinale"]
[Site "Saint Vincent - Chatillon ITA"]
[Date "2008.07.19"]
[Round "1"]
[White "Caprio, Guido"]
[Black "Borgo, Giulio"]
[Result "1/2-1/2"]
[WhiteElo "2188"]
[BlackElo "2442"]
[PlyCount "106"]
[EventDate "2008.07.19"]

1. e4 d6 2. d4 Nf6 3. Nc3 Nbd7 4. Nf3 e5 5. g4 g6 6. g5 Nh5 7. Be3 Bg7 8. Qd2
c6 9. O-O-O O-O 10. Ne2 Nb6 11. Ng3 Bg4 12. Be2 Nxg3 13. hxg3 Nc4 14. Qc3 Bxf3
15. Bxf3 b5 16. Kb1 Nxe3 17. Qxe3 exd4 18. Qf4 Re8 19. e5 dxe5 20. Qh4 e4 21.
Bxe4 Re6 22. Qxh7+ Kf8 23. Bd3 Qxg5 24. f4 Qf6 25. a3 Ke7 26. Qh2 Rh8 27. Qd2
Rxh1 28. Rxh1 Kf8 29. Qa5 Qe7 30. f5 gxf5 31. Bxf5 Re3 32. Qa6 Qc7 33. g4 Be5
34. Rh6 Bd6 35. Rh8+ Kg7 36. Rc8 Qb6 37. Rxc6 Qxa6 38. Rxa6 Bb8 39. a4 bxa4 40.
Rxa4 Re1+ 41. Ka2 Re5 42. Rxd4 Ra5+ 43. Kb3 Rb5+ 44. Rb4 Rb6 45. Rxb6 axb6 46.
Kc4 Bf4 47. Kb5 Be3 48. c4 Kf6 49. Kc6 Ke7 50. b4 f6 51. c5 bxc5 52. bxc5 Bf2
53. Kd5 Be3 1/2-1/2